| 000 | 00910nac a22002777a 4500 | ||
|---|---|---|---|
| 001 | BR8207257 | ||
| 003 | BR-BrBNA | ||
| 005 | 20240105115603.0 | ||
| 008 | 230509b bl.|||m| |||| 00| 0 por d | ||
| 040 |
_aBR-BrBNA _bpor _cBiblioteca Nacional de Agricultura |
||
| 072 | _aL02 | ||
| 090 | _a5300 BR8207257 | ||
| 100 | 1 | _aDonzele, J.L. | |
| 100 | 1 | _aLopes, D.C. | |
| 100 | 1 | _aAlvarenga, J.C. | |
| 100 | 1 | _aMarcatti Neto, A. | |
| 110 | 1 | _aEmpresa de Pesquisa Agropecuaria de Minas Gerais, Belo Horizonte (Brasil) | |
| 245 | 1 | _aAlimentacao de suinos sem a suplementacao mineral-vitaminica | |
| 260 | 3 |
_aBelo Horizonte, MG (Brasil): _c1982. |
|
| 300 | _a1 p. | ||
| 490 |
_aPesquisando - Empresa de Pesquisa Agropecuaria de Minas Gerais (Brazil) _vno. 41 _xISSN 0102-2164 |
||
| 650 | _aSUINO | ||
| 650 | _aNUTRICAO ANIMAL | ||
| 909 |
_a202312 _bLúcia Elande _c55 _dLúcia Elande |
||
| 942 |
_2AGRIS _n0 _cMS |
||
| 999 |
_c275446 _d275446 |
||